Death on the downs

Bibliographic Details
Main Author: Brett, Simon
Format: Book
Published: New York : Berkley Prime Crime , 2001
Subjects:

MARC

LEADER 00000cam a2200000 7i4500
001 0000077832
005 20040513.0
020 |a 0425186369 
090 0 0 |a F   |b BRE 
100 1 |a Brett, Simon 
245 1 0 |a Death on the downs   |c Simon Brett 
260 |a New York :   |b Berkley Prime Crime ,   |c 2001 
300 |a 293p. ;   |c 18cm. 
650 0 0 |a Mystery stories 
999 |a 00165757   |b BUKU   |c PINJAMAN   |e PERPUSTAKAAN KOMUNITI PETALING JAYA